000 00607 a2200169 4500
999 _c5047
_d5047
020 _a9781111305482
050 _aLC 4019.2 ALL 2009
100 _aAllen, Eileen .K
_eauthor
245 _aThe exceptional child :
_binclusion in early childhood education/
_c K Eileen Allen and Glynnis Edwards Cowdery.
250 _a7th ed.
264 _aUnited Kingdom:
_b Wadsworth,
_c2012.
300 _axviii, 630p.
_bill.(col.)
500 _aincludes index and bibliographical references
650 _aEarly childhood education.
700 _aGlynnis Edwards Cowdery
_eauthor
942 _2lcc
_cBK
_e7th ed.
_h4019.2
_iALL
_kLC